| 000 | 00608cam a2200181 4500 | ||
|---|---|---|---|
| 001 | 1222039 | ||
| 005 | 20260422150409.0 | ||
| 008 | 720504s1960 nyubf b 000 0 eng | ||
| 050 | 0 | 0 |
_aGN645 _b.O75 |
| 082 | 0 | 0 | _a572.96 |
| 100 | 1 |
_aOttenberg, Simon, _eed. |
|
| 245 | 1 | 0 |
_aCultures and societies of Africa. _cEdited, with a general introd., commentaries, and notes, by Simon and Phoebe Ottenberg. |
| 260 |
_aNew York, _bRandom House _c[1960] |
||
| 300 |
_a614 p. _bplates, col. map (on lining papers) _c24 cm. |
||
| 650 | 0 |
_aEthnology _zAfrica. |
|
| 700 | 1 |
_aOttenberg, Phoebe, _ejoint ed. |
|
| 942 |
_2lcc _cBK _n0 |
||
| 999 |
_c9513 _d9513 |
||